| 000 | 00650nam a2200241Ia 4500 | ||
|---|---|---|---|
| 005 | 20260430150234.0 | ||
| 008 | 008 250103s9999 xx 000 0 eng d | ||
| 037 | _aTheses | ||
| 040 | _aCRL | ||
| 040 | _beng | ||
| 040 | _ceng | ||
| 041 | _2eng | ||
| 041 | _aeng | ||
| 084 | _qCRL | ||
| 100 |
_aWason Sakshi Au.; Devadawson Christel R. Gu. _91236899 |
||
| 245 | 0 | _aSurveillance and pictorial representation in postindependent India | |
| 260 | _c2020 | ||
| 300 | _a235p. | ||
| 650 | _aEnglish Literature | ||
| 700 |
_aUniversity of Delhi. Faculty of Arts. Depatment of English _91236900 |
||
| 942 | _cTH | ||
| 999 |
_c1849297 _d1849297 |
||